Charakteristika rozpočtových organizácií a ich účtovníctva

Zhrnutie základných poznatkov o rozpočtových organizáciách a ich účtovníctve. Právna úprava rozpočtových organizácií v Slovenskej republike. Vymedzenie a zriaďovanie rozpočtových organizácií. Financovanie a základné znaky. Členenie rozpočtových výdavkov a rozpočtových príjmov. Základné charakter...

Ausführliche Beschreibung

Gespeichert in:
Bibliographische Detailangaben
1. Verfasser: Kovalčíková, Antónia
Format: Buchkapitel
Sprache:Slowakisch
Schlagworte:
Tags: Tag hinzufügen
Keine Tags, Fügen Sie das erste Tag hinzu!

MARC

LEADER 00000naa$a2200000$$$4500
001 0090460
005 20240502072018.5
041 0 |a slo 
044 |a SK 
245 1 0 |a Charakteristika rozpočtových organizácií a ich účtovníctva 
520 |a Zhrnutie základných poznatkov o rozpočtových organizáciách a ich účtovníctve. Právna úprava rozpočtových organizácií v Slovenskej republike. Vymedzenie a zriaďovanie rozpočtových organizácií. Financovanie a základné znaky. Členenie rozpočtových výdavkov a rozpočtových príjmov. Základné charakteristiky účtovníctva rozpočtových organizácií. 
610 2 0 |a organizácie rozpočtové 
610 2 0 |a účtovanie 
610 2 0 |a úpravy právne 
610 2 0 |a Slovensko 
610 2 0 |a pojmy 
610 2 0 |a jednotka účtovná 
100 1 |a Kovalčíková, Antónia